Cyclisme Féminin : Top 30 Flèche Wallonne Féminine 2024 - Statistiques

Statistiques générales
  • Ce quiz a été pris 8 fois
  • Le résultat moyen est 9 sur 30
Statistiques - réponses
Place Team Pays d'origi Coureur % Correct
2 Team SD Worx - Protime Pays Bas Demi VOLLERING
100%
3 Lidl - Trek Italie Elisa LONGO BORGHINI
100%
7 Team dsm-firmenich PostNL France Juliette LABOUS
88%
1 Canyon//SRAM Racing Pologne Katarzyna NIEWIADOMA
75%
15 Team SD Worx - Protime Belgique Lotte KOPECKY
75%
9 FDJ - SUEZ Italie Marta CAVALLI
75%
5 AG Insurance - Soudal Team Afrique du Sud Ashleigh MOOLMAN
63%
4 FDJ - SUEZ France Évita MUZIC
63%
29 Canyon//SRAM Racing Suisse Elise CHABBEY
38%
17 Team Visma | Lease a Bike Pays Bas Riejanne MARKUS
38%
22 Lidl - Trek Italie Gaia REALINI
25%
26 AG Insurance - Soudal Team Belgique Justine GHEKIERE
25%
19 UAE Team ADQ Russe Alena IVANCHENKO
13%
25 Liv AlUla Jayco Suède Caroline ANDERSSON
13%
28 VolkerWessels Women's Pro Cycling Team Pays Bas Eline JANSEN
13%
24 UAE Team ADQ Italie Erica MAGNALDI
13%
8 Team Visma | Lease a Bike Pays bas Fem VAN EMPEL
13%
12 Movistar Team Canada Olivia BARIL
13%
6 Fenix-Deceuninck Pays Bas Pauliena ROOIJAKKERS
13%
21 Uno-X Mobility Canada Simone BOILARD
13%
18 Fenix-Deceuninck Pays Bas Yara KASTELIJN
13%
10 Laboral Kutxa - Fundación Euskadi Espagne Ane SANTESTEBAN
0%
23 EF Education-Cannondale Canada Clara EMOND
0%
30 Laboral Kutxa - Fundación Euskadi Italie Debora SILVESTRI
0%
11 Fenix-Deceuninck Italie Greta MARTURANO
0%
20 Human Powered Health Nouvelle Zélande Henrietta CHRISTIE
0%
13 Liv AlUla Jayco Norvège Ingvild GÅSKJENN
0%
14 Uno-X Mobility Norvège Katrine AALERUD
0%
16 Movistar Team Pays Bas Mareille MEIJERING
0%
27 Team Visma | Lease a Bike Pays Bas Maud OUDEMAN
0%
Aucun quiz correspondant
Distribution des résultats
% des personnes avec chaque résultat
Percentile par nombre de réponses
Votre historique - résultats
Vous n’avez pas pris ce quiz